000 01249cad a22002175a 4500
001 E148666
008 091016s2009 xxkad f s 000 0 eng d
035 _a(Sirsi) u148666
041 0 _aeng
110 2 _aKing Sturge
_93877
245 0 0 _aUK industrial and distribution floorspace today
_bSeptember 2009
_h[electronic resource]
260 _aLondon
_bKing Sturge
_c2009
490 0 _aUK Industrial and Distribution Floorspace Today
_vSeptember 2009
520 _aReports that the amount of industrial floorspace available in Great Britain rose by 2.8% from January to June 2009, to reach 23.309 million m2 by the end of June 2009, however this was a slower increase than in H2 2008. In H1 2009, the largest increase in available floorspace was in Wales and the North-West, where supply rose by 7.6% and 7.5% respectively. Availability also rose in the North by 5.6%, and in Greater London by 5.3%. The East Midlands was the only area to see a drop in availability.
590 _aKA
651 4 _aUnited Kingdom
_y
690 _aPROPERTY-COMMERCIAL PROPERTY-COMMERCIAL PROPERTY MARKET
690 _aPROPERTY-INDUSTRIAL PROPERTY
856 4 0 _uhttps://www.kingsturge.co.uk/
_zView the item free of charge at www.kingsturge.co.uk...
942 _n0
999 _c110152
_d110152